000 01267nam a22002057i 4500
001 9781763895218
008 250618t ||||||||||||||||||||0|||||d
020 _a9781763895218
040 _aUKHiBB
_beng
_erda
100 1 _aMacdonald, Craig J L
245 1 4 _aThe Building Detective
264 _bCraig Jl MacDonald
_c250401
300 _a254 pages
336 _atext
_2rdacontent
337 _aunmediated
_2rdamedia
338 _avolume
_2rdacarrier
520 _aThe Building Detective uncovers the secrets from the hidden world of buildings. Dive below the surface to unearth captivating case studies and personal experiences that reveal how buildings reflect ingenuity, expose failures, and shape the lives of those who live and work within them. Inside these pages, take a journey around the world to explore: The power of ODEC, your new universal tool for solving problems The cracking mysteries behind Opal Tower and Mascot Towers The collapses of Champlain Tower South and Hard Rock Hotel The Grenfell Tower fire and the lessons it continues to teach A secret hidden within Notre-Dame for over 800 years The insidiousness of water infiltrating your home How AI might impact the property world
650 _aBUILT ENVIRONMENT
942 _2ddc
999 _c122171
_d122171